00784 a2200205 45000010003000000050017000030080041000200030015000610400040000760800022001162450068001380200022002062500011002282640040002393000018002795050117002970410008004141000045004228560111004678020260407155407.0260407a2007 arg spa dAR-UNSa-BCEJYS aAR-UNSa-BCEJYSbspacAR-UNSa-BCEJYS a316.46xLiderazgo10aNo soy supermanpLuces y sombras de una conversación interior a978-84-8322-369-7 a1a. ed 1aMadrid :bPearson Educaciónc2007 a168 p.c25 cm a1. Escepticismo - 2. Conflicto - 3. A la defensiva - 4. Crisis - 5. Miedos - 6. Silencio-Paz - 7. Una decisión aspa1 aAlvarez de Mon Pan de Soraluce, Santiago41uhttps://biblioeco.unsa.edu.ar/pmb/images/libros/No soy superman-l117371.jpgyImagen de portadaqimage/jpeg